000 01458nam a2200241Ia 4500
003 Ost
005 20260507075436.0
008 260507s9999||||xx |||||||||||||| ||und||
040 _cfsecg
041 _aara
082 _a658.5
100 _aعبيدات، سليمان خالد
_eمؤلف
245 0 _aمقدمة في إدارة الإنتاج والعمليات /
_c سليمان خالد عبيدات
250 _aطبعة 3
260 _aعمان:
_bدار المسيرة,
_c2011
300 _a408 صفحة؛
_bإيضاحات ؛
_c25 سم
504 _aببليوغرافيا: ص.408
520 _aمقدمة في ادارة الانتاج والعمليات، التنبؤ، اختيار موقع المشروع، تخطيط المنتجات والعمليات، الترتيب الداخلي للمصنع، تخطيط الطاقة الانتاجية في المؤسسات الصناعية، تخيط الطاقة الانتاجية في المؤسسات الصناعية، تخطيط الطاقة الانتاجية للمؤسسات الخدمية، نظام الانتاج في الوقت المناسب، الرقابة على المخزون، تصميم نظام العمل( ادارة المصادر البشرية)، ادارة سلسلة التوريد، تحليل العمليات واتخاذ القرارات
653 _aادارة الانتاج
653 _aالتخطيط
653 _aالرقابة
942 _cكتاب
999 _c44540
_d44540